| 000 | 00859nam a22002297a 4500 | ||
|---|---|---|---|
| 999 |
_c2615 _d2615 |
||
| 003 | OSt | ||
| 005 | 20230801095220.0 | ||
| 008 | 230801b ||||| |||| 00| 0 eng d | ||
| 020 | _a9789671960202 | ||
| 040 | _cKH8 | ||
| 082 | _a400 SYA | ||
| 100 |
_aSyahril Othman, _eauthor. |
||
| 245 |
_aIGCSE Malay Speaking : _bWorkbook. Volume 1 / _cSyahril Othman. |
||
| 250 | _aSecond edition | ||
| 260 |
_aMalaysia, _bSyahril Education Enteprise |
||
| 300 |
_a138 pages, _c29.3 cm x 20.3 cm. |
||
| 440 |
_aIGCSE Malay Speaking _vVolume 1 |
||
| 520 | _aAll these IGCSE Malay workbooks are suitable for all students who are taking lessons based on the Malay IGCSE syllabus. The format designed is able to help students to enhance their skills in producing exam-based. | ||
| 651 |
_aMalaysia _vMalay language |
||
| 651 |
_aMalaysia _vMalay grammar |
||
| 942 |
_2ddc _cTR |
||